| 000 | 00737nam a22001817a 4500 | ||
|---|---|---|---|
| 005 | 20210325173309.0 | ||
| 008 | s2523 th tha d | ||
| 041 | _atha | ||
| 050 |
_aDS570.6 _bป7บ73 |
||
| 245 | 1 | 0 | _aนายกฯ เปรม พร้อมบทวิเคราะห์รัฐบาลใหม่และบทสัมภาษณ์บุญชู โรจนเสถียร |
| 260 | 3 |
_aกรุงเทพฯ : _bเบญจมิตร, _c2523 |
|
| 300 | _a183 หน้า | ||
| 650 | 0 | 4 | _aบุญชู โรจนเสถียร -- สัมภาษณ์ |
| 650 | 0 | 4 | _aเปรม ติณสูลานนท์ |
| 850 | _aNALT | ||
| 942 | _cGB | ||
| 997 | _c000000000001026 | ||
| 999 |
_c1026 _d1026 |
||